000 00939cam a2200301 a 4500
001 22474
003 SK-KTurca
005 20260330135837.0
008 231121s1992 xo gr 0000f slo
015 _aSNBA1993/02
020 _a8022004006
_q(viazané)
035 _aSNK000013343
040 _aSNK
_bslo
_cSNK
_eAACR2
041 1 _aslo
_heng
044 _axo
_cSK
072 7 _a821.111(73)-3
_xAmerická próza
_2konspekt
080 _a821.111(73)-31
_22011
100 1 _aDavenport, Marcia,
_d1903-1996
_4aut
240 1 4 _aThe Valley of Decision
_lSlovensky
245 1 0 _aÚdolie rozhodnutia
_cMarcia Davenportová ; preklad Magda Žáryová
250 _a2. vyd.
260 _aBratislava
_bSlovenský spisovateľ
_c1992
_eBratislava
_fDanubiaprint
300 _a657 s.
_c21 cm
655 7 _aamerické romány
_2SNKPH
655 7 _aAmerican novels
_2SNKPHeng
700 1 _aŽáryová, Magda,
_d1927-2009
_4trl
942 _2ddc
_cKLDO
_n0
999 _c22474
_d22474